[Event "Prague Festival Challengers 2020"]
[Site "Prague"]
[Date "2020.02.21"]
[Round "9.1"]
[White "Esipenko, Andrey"]
[Black "Krejci, Jan"]
[Result "1/2-1/2"]
[WhiteElo "2654"]
[BlackElo "2559"]
[Annotator "TA"]
[PlyCount "106"]
[EventDate "2020.02.12"]
[EventType "tourn"]
[EventCountry "CZE"]
[SourceTitle "playchess.com"]
[Source "ChessBase"]
[SourceQuality "1"]

{[%evp 11,106,0,13,0,8,8,41,40,53,43,47,43,62,48,46,47,66,14,20,0,26,22,53,30,26,26,25,33,19,27,64,51,50,49,104,98,100,70,72,58,61,62,75,80,77,84,84,91,90,88,90,84,79,81,119,119,124,0,0,-9,-10,-8,0,-19,0,0,0,0,0,0,0,0,0,0,0,0,0,0,0,0,0,0,0,0,0,0,0,0,0,0,0,0,0,0,0,0,0]} 1. c4 Nf6 2. Nc3 e6 3. e4 c5 4. e5 Ng8 5. d4 cxd4 6. Qxd4 Nc6 7. Qf4 {A19: English Opening: Flohr-Mikenas System with 3...c5.} d6 8. Nf3 dxe5 9. Nxe5 {[%csl Ge5][%cal Rf4f7] [#]White is slightly better.} Nf6 $146 ({Predecessor:} 9... Nxe5 10. Qxe5 Nf6 11. Nb5 Bb4+ 12. Nc3 Bxc3+ 13. Qxc3 O-O 14. Bd3 Qc7 15. Bg5 Ng4 {½-½ (27) Kudla,A (2089)-Budrewicz,H (2000) Poland 2005}) 10. Nxc6 bxc6 11. Qf3 Bb7 12. Bf4 Bb4 13. Bd3 Qe7 14. Be5 (14. O-O $14) 14... Nd7 $11 15. Bxg7 Rg8 16. Bd4 {Threatening 0-0.} Qd6 17. O-O-O $36 {[%mdl 2048] White is more active.} Qxd4 18. Bxh7 Ne5 19. Rxd4 Nxf3 20. gxf3 Rg7 21. Be4 f5 22. Bc2 Bxc3 ({Black should try} 22... Bc5 $14 23. Rd2 Rd8) 23. bxc3 $16 c5 24. Rd3 Ke7 25. Re1 Kf6 26. f4 Rh8 27. Rd6 Re7 28. Re5 {Hoping for Rxf5+.} Kf7 29. Rxc5 Rxh2 30. Rd2 Rh4 31. Rd4 Rh2 32. Ra5 Rxf2 33. Rxa7 Kf6 {[#]} 34. Ra4 (34. Bb3 $1 $16) 34... Rg7 $11 {The position is equal.} 35. c5 Rgg2 36. Bb3 Bf3 {Threatens to win with ...Rf1+.} 37. Bd1 (37. Ra6 {keeps more tension.} Rg1+ 38. Bd1 Rxd1+ 39. Rxd1 Bxd1 40. Kxd1 Rxf4 41. Kc2) 37... Bxd1 38. Rxd1 Rxa2 39. Rxa2 Rxa2 {[%mdl 4096] Endgame KR-KR} 40. Rd4 Ra5 41. Rc4 {c6 is the strong threat.} Ke7 42. Kd2 Kd7 43. Rd4+ Kc7 44. Kd3 Rxc5 45. Rc4 Rxc4 $1 46. Kxc4 {KPP-KPP} Kd6 47. Kd4 {White threatens c4 and mate.} e5+ $1 48. fxe5+ {KPP-KP} Ke6 49. c4 f4 50. c5 {White wants to mate with c6.} f3 {( -> ...f2)} 51. Ke3 {Intending c6 and mate.} Kxe5 52. Kxf3 Kd5 53. c6 Kxc6 {Accuracy: White = 91%, Black = 90%.} 1/2-1/2

[Event "Prague Festival Challengers 2020"]
[Site "Prague"]
[Date "2020.02.21"]
[Round "9.2"]
[White "Piorun, Kacper"]
[Black "Abasov, Nijat"]
[Result "0-1"]
[WhiteElo "2611"]
[BlackElo "2670"]
[Annotator "TA"]
[PlyCount "80"]
[EventDate "2020.02.12"]
[EventType "tourn"]
[EventCountry "CZE"]
[SourceTitle "playchess.com"]
[Source "ChessBase"]
[SourceQuality "1"]

{[%evp 11,80,22,28,24,24,24,31,31,30,33,25,23,23,28,21,22,27,26,28,19,26,25,16,0,0,0,37,0,0,0,-11,-53,-47,-202,-206,-189,-177,-189,-170,-177,-178,-163,-187,-127,-127,-125,-129,-157,-123,-170,-151,-212,-217,-387,-420,-435,-435,-466,-459,-507,-562,-555,-555,-540,-534,-526,-448,-797,-780,-811,-767]} 1. e4 c5 2. Nf3 e6 3. d4 cxd4 4. Nxd4 Nc6 5. Nc3 Nf6 6. Ndb5 Bc5 7. Nd6+ {B45: Sicilian Four Knights.} Ke7 $1 8. Bf4 e5 9. Nf5+ {White is slightly better.} Kf8 10. Bg5 d6 11. Bd3 h6 12. Bxf6 Qxf6 13. Nd5 {[#]} Qd8 $146 ({Predecessor:} 13... Qg5 14. Nfe3 Be6 15. O-O h5 16. Kh1 Rh6 17. c3 a6 18. Qe2 Rc8 19. Rae1 Kg8 20. b4 Ba7 {0-1 (69) Abergel,T (2125)-Gervasio,R (2330) Paris 1998}) 14. c3 g6 15. Nfe3 a6 16. h4 h5 17. Qe2 Be6 18. g3 Kg7 19. O-O-O b5 20. a3 Ne7 21. Bc2 a5 22. b4 $2 {[#]} ({White should try} 22. Qxb5 $15 Nxd5 23. exd5) 22... axb4 $1 $19 23. axb4 Bxe3+ $1 24. Qxe3 Bxd5 25. exd5 Ra2 {Hoping for ...Qa8.} 26. Bb3 Nf5 27. Qe1 Ra7 {[%cal Ba2a7,Ba7e7,Be7e5][%mdl 32]} 28. Kb2 Qb6 29. Qd2 e4 ({And not} 29... Qa6 30. Ra1 $11) 30. Ra1 Re7 31. Rhe1 (31. Bc2 $17) 31... Rhe8 32. Bc2 $2 (32. Qf4 e3 33. Bc2) 32... e3 33. fxe3 Nxe3 {( -> ...Nc4+). Black is clearly winning.} 34. Bd3 Re5 35. Re2 Rxd5 36. Kb3 {[#]} Nc4 $1 {[%mdl 512]} 37. Qc2 (37. Bxc4 Rxd2) 37... Rxe2 38. Qxe2 Re5 39. Qg2 (39. Qd1 $142 d5 40. Bc2) 39... d5 40. Rd1 Qe6 {Accuracy: White = 57%, Black = 93%.} 0-1

[Event "Prague Festival Challengers 2020"]
[Site "Prague"]
[Date "2020.02.21"]
[Round "9.3"]
[White "Van Foreest, Jorden"]
[Black "Stefansson, Hannes"]
[Result "1-0"]
[WhiteElo "2667"]
[BlackElo "2529"]
[Annotator "TA"]
[PlyCount "85"]
[EventDate "2020.02.12"]
[EventType "tourn"]
[EventCountry "CZE"]
[SourceTitle "playchess.com"]
[Source "ChessBase"]
[SourceQuality "1"]

{[%evp 9,85,15,19,15,14,10,14,15,24,0,8,9,27,27,34,34,33,17,34,31,45,35,39,30,58,61,91,82,77,67,83,81,80,83,124,104,145,115,144,135,166,162,177,174,177,183,174,156,156,158,162,139,146,141,142,145,166,145,163,159,163,146,293,293,286,286,268,291,406,225,424,418,564,543,527,482,387,402]} 1. e4 e5 2. Nf3 Nc6 3. Bc4 Bc5 4. d3 Nf6 5. a4 O-O 6. a5 {C50: Hungarian Defence and Giuoco Pianissimo.} a6 7. O-O h6 8. c3 {The position is equal.} d6 9. h3 Ba7 10. Be3 Ne7 11. Bxa7 Rxa7 12. Re1 Ng6 {[#]} 13. Nbd2 $146 ({Predecessor:} 13. Kh2 Nf4 14. Ng1 Ng4+ 15. hxg4 Qh4+ 16. Nh3 Bxg4 17. f3 Nxh3 18. g3 Qg5 19. fxg4 {1-0 (36) Hepting,H (2025)-Junker,R (2080) Bechhofen 1994}) 13... Re8 14. d4 Be6 15. Bf1 Qc8 16. b4 exd4 17. cxd4 d5 18. e5 Nd7 19. Qc2 Ra8 20. Rac1 c6 21. Nb3 Re7 22. g3 Qe8 23. Nfd2 f5 24. Bd3 Qf7 25. Nf1 Ree8 26. Ne3 Ne7 27. f4 g6 28. Re2 Kh8 29. Rf1 Rg8 30. Rg2 Rg7 31. Kh2 Rf8 32. Qb1 Qg8 33. Qe1 Rgf7 34. Nc1 Qh7 35. Ne2 Qg8 {This costs Black the game.} (35... Rg8 $16 36. Nc3 Nc8) 36. g4 $18 Qh7 37. Qh4 Rg8 38. Rfg1 Nf8 39. Bb1 (39. gxf5 $142 Bxf5 40. Nxf5 Rxf5 41. Bxf5 Nxf5 42. Qf6+ Qg7 43. Rxg6 Nxg6 44. Qxf5) 39... Bc8 $2 {[#]} (39... h5) 40. gxf5 Nxf5 41. Nxf5 Bxf5 42. Bxf5 Rxf5 43. Ng3 {Accuracy: White = 90%, Black = 60%.} 1-0

[Event "Prague Festival Challengers 2020"]
[Site "Prague"]
[Date "2020.02.21"]
[Round "9.4"]
[White "Cernousek, Lukas"]
[Black "Nguyen, Thai Dai Van"]
[Result "0-1"]
[WhiteElo "2442"]
[BlackElo "2560"]
[Annotator "TA"]
[PlyCount "70"]
[EventDate "2020.02.12"]
[EventType "tourn"]
[EventCountry "CZE"]
[SourceTitle "playchess.com"]
[Source "ChessBase"]
[SourceQuality "1"]

{[%evp 20,70,37,28,31,46,58,51,29,0,29,23,31,35,16,21,26,-93,-81,-93,-85,-91,-80,-86,-95,-117,-111,-135,-116,-127,-116,-201,-189,-179,-188,-234,-236,-235,-235,-205,-202,-307,-304,-300,-291,-321,-315,-296,-245,-311,-311,-354,-366]} 1. e4 c5 2. Nf3 Nc6 3. d4 cxd4 4. Nxd4 Nf6 5. Nc3 d6 6. f3 e5 7. Nb3 Be6 8. Be3 Be7 9. Qd2 O-O 10. O-O-O a5 11. Bb5 {11.Bb5 scores better than 11.Kb1.} Qb8 {B56: Classical Sicilian: Unusual Lines.} 12. Kb1 Na7 13. Be2 Nc6 {White is slightly better.} 14. Bb5 Rc8 15. Nd5 Bxd5 $1 16. exd5 a4 17. Na1 a3 18. b3 {[#]} ({Wrong is} 18. dxc6 $2 bxc6 19. c3 cxb5 $19) (18. b4 $1 $11) 18... Nd4 $5 $146 {[%cal Rd4b5][%mdl 8] White is on the road to losing. An interesting novelty.} ({Predecessor:} 18... Na7 19. Be2 Qc7 20. c4 Rcb8 21. Nc2 Nc8 22. Qb4 Bd8 23. Bc1 Qe7 24. Qc3 Ba5 25. b4 Bc7 26. Nxa3 Nb6 {1-0 (48) Baules,J (2264)-Davila,C (2374) Turin 2006}) 19. Bxd4 exd4 20. Qxd4 {[#]} Rc5 $1 $36 {[%cal Rc5b5][%mdl 2048] Black is really pushing.} 21. c4 Nxd5 $1 22. cxd5 {And now Qd3 would win.} Rxb5 23. Rc1 Bf6 24. Qd3 Rc5 25. b4 {[#]} (25. Rhe1 $17) 25... Rxc1+ $1 $19 26. Rxc1 Qe8 27. f4 Bb2 28. Rd1 Rc8 29. Nc2 g6 30. Nxa3 (30. Qe3 $142) 30... Bxa3 31. Qxa3 {KQR-KQR} Qe4+ 32. Ka1 Qxg2 ({Much less strong is} 32... Qxf4 33. g3 $19) 33. Rc1 Re8 34. Qb2 Qxd5 35. Qf6 {[#]} Qd2 $1 {Accuracy: White = 47%, Black = 95%.} 0-1

[Event "Prague Festival Challengers 2020"]
[Site "Prague"]
[Date "2020.02.21"]
[Round "9.5"]
[White "Kriebel, Tadeas"]
[Black "Bartel, Mateusz"]
[Result "1/2-1/2"]
[WhiteElo "2524"]
[BlackElo "2639"]
[Annotator "TA"]
[PlyCount "100"]
[EventDate "2020.02.12"]
[EventType "tourn"]
[EventCountry "CZE"]
[SourceTitle "playchess.com"]
[Source "ChessBase"]
[SourceQuality "1"]

{[%evp 9,100,28,35,37,40,14,25,8,12,4,51,47,38,42,45,0,0,0,14,4,4,4,5,11,13,-2,0,0,0,0,0,-41,0,0,0,0,4,12,12,-17,-17,-17,-17,-17,-20,-17,0,0,0,0,0,0,0,0,0,-3,0,-8,-8,-35,-35,-35,-35,-35,-35,-56,-13,-74,0,0,0,0,0,0,0,0,0,0,0,0,0,0,0,0,0,0,13,13,16,0,0,0,0]} 1. d4 e6 2. c4 b6 3. Nc3 Bb4 4. e3 Bb7 5. Nge2 f5 6. a3 {A40: Unusual replies to 1 d4.} Be7 7. Ng3 Nf6 8. d5 {White has an edge.} O-O 9. Be2 a5 10. Bf3 {[#]} Qc8 $146 ({Predecessor:} 10... Na6 11. d6 Bxf3 12. dxe7 Qxe7 13. Qxf3 Nc5 14. O-O Ng4 15. Qe2 Qh4 16. h3 Ne5 {1-0 (59) Golikov,D (2114)-Stoleriu,G (2247) Khanty-Mansiysk 2016}) 11. O-O Na6 12. dxe6 dxe6 13. e4 fxe4 14. Ngxe4 Nc5 15. Nxc5 Bxc5 16. Bxb7 Qxb7 17. Qe2 e5 18. Bg5 Bd4 19. Bxf6 Rxf6 20. Kh1 Raf8 {[%cal Rf6f2]} (20... Bxc3 $5 21. bxc3 Re8 $15) 21. Ne4 $1 {[%cal Re4f6]} Rf4 22. Rae1 $1 a4 23. f3 Qc6 24. g3 R4f7 25. h4 h6 26. Kg2 Rb8 27. Rb1 b5 28. b4 Qxc4 29. Qxc4 bxc4 30. Rbc1 Bb2 31. Rxc4 Bxa3 32. Rb1 Rd7 $36 {[%mdl 2048] Black fights for an advantage.} 33. b5 Rd4 34. Rxc7 Rb4 35. Rxb4 Bxb4 $15 {[%mdl 4096] Endgame KRB-KRN} 36. Nc3 $1 Ba5 37. Rc4 a3 (37... Bxc3 $5 38. Rxc3 Rxb5 39. Rc8+ Kf7 40. Rc7+ Kf6 41. Rc6+ Kf7 $17) 38. Na2 (38. Kh3 $11 {keeps the balance.}) 38... Bd8 (38... Rxb5 $17 {And now ...Rb2+ would win.} 39. Ra4 Rb2+ 40. Kh3 Rxa2 41. Rxa5 Kf7) 39. Ra4 $11 {The position is equal.} Be7 40. Nc3 Kf7 41. Kh3 Rc8 42. Nd5 {[#] Strongly threatening Ra7.} Bc5 43. b6 {[%cal Bb5b6,Bb6b7][%mdl 32]} Rb8 44. Ra5 Bf8 45. Ra6 Bc5 46. Ra5 Bd6 47. Ne3 Rc8 48. b7 Rc3 49. Ra6 Bb8 50. Ra8 Rxe3 {Accuracy: White = 85%, Black = 89%.} 1/2-1/2